000 00407nam a2200169Ia 4500
005 20240823042623.0
008 240823s9999||||xx |||||||||||||| ||und||
041 _aENGLISH
082 _A6580562 P6
100 _aRamachandran N
245 0 _aTotal Quality Management
250 _a1st
260 _c2006
_bAir Walk Publica
500 _aTRANSFERED
650 _aTQM
_bManagement Studies
942 _cBK
999 _c208306
_d208306